<?xml version="1.0" encoding="UTF-8"?>
<record
    xmlns:xsi="http://www.w3.org/2001/XMLSchema-instance"
    xsi:schemaLocation="http://www.loc.gov/MARC21/slim http://www.loc.gov/standards/marcxml/schema/MARC21slim.xsd"
    xmlns="http://www.loc.gov/MARC21/slim">

  <leader>02545cam a2200445 i 4500</leader>
  <controlfield tag="003">SA-RiAUC</controlfield>
  <controlfield tag="005">20250530140824.0</controlfield>
  <controlfield tag="008">250222s1979    su     g      00010 ara c</controlfield>
  <datafield tag="040" ind1=" " ind2=" ">
    <subfield code="a">SA-RiAUC</subfield>
    <subfield code="b">ara</subfield>
    <subfield code="c">SA-RiAUC</subfield>
    <subfield code="e">rda</subfield>
  </datafield>
  <datafield tag="082" ind1="0" ind2="4">
    <subfield code="a">259</subfield>
  </datafield>
  <datafield tag="090" ind1=" " ind2=" ">
    <subfield code="a">259   </subfield>
    <subfield code="b">   &#x641; &#x62A; &#x627;</subfield>
  </datafield>
  <datafield tag="245" ind1="0" ind2="0">
    <subfield code="a">&#x641;&#x62A;&#x627;&#x648;&#x649; &#x648;&#x631;&#x633;&#x627;&#x626;&#x644; &#x633;&#x645;&#x627;&#x62D;&#x629; &#x627;&#x644;&#x634;&#x64A;&#x62E; &#x645;&#x62D;&#x645;&#x62F; &#x628;&#x646; &#x625;&#x628;&#x631;&#x627;&#x647;&#x64A;&#x645; &#x628;&#x646; &#x639;&#x628;&#x62F; &#x627;&#x644;&#x644;&#x637;&#x64A;&#x641; &#x622;&#x644; &#x627;&#x644;&#x634;&#x64A;&#x62E; :</subfield>
    <subfield code="b">&#x645;&#x641;&#x62A;&#x64A; &#x627;&#x644;&#x645;&#x645;&#x644;&#x643;&#x629; &#x648;&#x631;&#x626;&#x64A;&#x633; &#x627;&#x644;&#x642;&#x636;&#x627;&#x629; &#x648;&#x627;&#x644;&#x634;&#x624;&#x648;&#x646; &#x627;&#x644;&#x625;&#x633;&#x644;&#x627;&#x645;&#x64A;&#x629; &#x637;&#x64A;&#x628; &#x627;&#x644;&#x644;&#x647; &#x62B;&#x631;&#x627;&#x647; /</subfield>
    <subfield code="c">&#x62C;&#x645;&#x639; &#x648;&#x62A;&#x631;&#x62A;&#x64A;&#x628; &#x648;&#x62A;&#x62D;&#x642;&#x64A;&#x642; &#x645;&#x62D;&#x645;&#x62F; &#x628;&#x646; &#x639;&#x628;&#x62F; &#x627;&#x644;&#x631;&#x62D;&#x645;&#x646; &#x628;&#x646; &#x642;&#x627;&#x633;&#x645;.</subfield>
  </datafield>
  <datafield tag="264" ind1=" " ind2="1">
    <subfield code="a">&#x645;&#x643;&#x629; &#x627;&#x644;&#x645;&#x643;&#x631;&#x645;&#x629; :</subfield>
    <subfield code="b">[&#x627;&#x644;&#x646;&#x627;&#x634;&#x631; &#x63A;&#x64A;&#x631; &#x645;&#x62D;&#x62F;&#x62F;]&#x60C;</subfield>
    <subfield code="c">[1979]</subfield>
  </datafield>
  <datafield tag="264" ind1=" " ind2="3">
    <subfield code="a">[&#x645;&#x643;&#x627;&#x646; &#x627;&#x644;&#x637;&#x628;&#x639; &#x63A;&#x64A;&#x631; &#x645;&#x62D;&#x62F;&#x62F;] :</subfield>
    <subfield code="b">&#x645;&#x637;&#x628;&#x639;&#x629; &#x627;&#x644;&#x62D;&#x643;&#x648;&#x645;&#x629;.</subfield>
  </datafield>
  <datafield tag="300" ind1=" " ind2=" ">
    <subfield code="a"> &#x645;&#x62C;&#x644;&#x62F; &#x61B;</subfield>
    <subfield code="c">24 &#x633;&#x645;</subfield>
  </datafield>
  <datafield tag="336" ind1=" " ind2=" ">
    <subfield code="a">&#x646;&#x635;</subfield>
    <subfield code="b">txt</subfield>
    <subfield code="2">rdacontent</subfield>
    <subfield code="3">&#x643;&#x62A;&#x627;&#x628;</subfield>
  </datafield>
  <datafield tag="337" ind1=" " ind2=" ">
    <subfield code="a">&#x628;&#x62F;&#x648;&#x646; &#x648;&#x633;&#x64A;&#x637;</subfield>
    <subfield code="b">n</subfield>
    <subfield code="2">rdamedia</subfield>
  </datafield>
  <datafield tag="338" ind1=" " ind2=" ">
    <subfield code="a">&#x645;&#x62C;&#x644;&#x62F;</subfield>
    <subfield code="b">nc</subfield>
    <subfield code="2">rdacarrier</subfield>
  </datafield>
  <datafield tag="505" ind1="0" ind2=" ">
    <subfield code="a">&#x627;&#x644;&#x645;&#x62D;&#x62A;&#x648;&#x64A;&#x627;&#x62A; : &#x645;&#x62C;&#x644;&#x62F; 1. &#x627;&#x644;&#x639;&#x642;&#x627;&#x626;&#x62F;- &#x645;&#x62C;&#x644;&#x62F; 2. &#x623;&#x635;&#x648;&#x644; &#x627;&#x644;&#x641;&#x642;&#x647;&#x60C; &#x627;&#x644;&#x637;&#x647;&#x627;&#x631;&#x629;&#x60C; &#x627;&#x644;&#x635;&#x644;&#x627;&#x629;- &#x645;&#x62C;&#x644;&#x62F; 3. &#x627;&#x644;&#x62C;&#x645;&#x639;&#x629;&#x60C; &#x627;&#x644;&#x62C;&#x646;&#x627;&#x626;&#x632;- &#x645;&#x62C;&#x644;&#x62F; 4. &#x627;&#x644;&#x632;&#x643;&#x627;&#x629;&#x60C; &#x627;&#x644;&#x635;&#x64A;&#x627;&#x645;- &#x645;&#x62C;&#x644;&#x62F; 5. &#x627;&#x644;&#x62D;&#x62C;- &#x645;&#x62C;&#x644;&#x62F; 6. &#x627;&#x644;&#x62D;&#x62C;&#x60C; &#x627;&#x644;&#x623;&#x645;&#x631; &#x628;&#x627;&#x644;&#x645;&#x639;&#x631;&#x648;&#x641;&#x60C; &#x627;&#x644;&#x62C;&#x647;&#x627;&#x62F;- &#x645;&#x62C;&#x644;&#x62F; 7. &#x627;&#x644;&#x628;&#x64A;&#x639;. &#x645;&#x62C;&#x644;&#x62F; 8. &#x627;&#x644;&#x62D;&#x62C;&#x631;&#x60C; &#x625;&#x62D;&#x64A;&#x627;&#x621; &#x627;&#x644;&#x645;&#x648;&#x627;&#x62A;- &#x645;&#x62C;&#x644;&#x62F; 9. &#x627;&#x644;&#x62C;&#x639;&#x627;&#x644;&#x629;&#x60C; &#x627;&#x644;&#x639;&#x62A;&#x642;- &#x645;&#x62C;&#x644;&#x62F; 10. &#x627;&#x644;&#x646;&#x643;&#x627;&#x62D;- &#x645;&#x62C;&#x644;&#x62F; 11. &#x627;&#x644;&#x637;&#x644;&#x627;&#x642;&#x60C; &#x627;&#x644;&#x62F;&#x64A;&#x627;&#x62A;- &#x645;&#x62C;&#x644;&#x62F; 12. &#x627;&#x644;&#x62D;&#x62F;&#x648;&#x62F;&#x60C; &#x627;&#x644;&#x642;&#x636;&#x627;&#x621;- &#x645;&#x62C;&#x644;&#x62F; 13. &#x627;&#x644;&#x642;&#x633;&#x645;&#x629;&#x60C; &#x645;&#x639;&#x627;&#x631;&#x641; &#x645;&#x62A;&#x646;&#x648;&#x639;&#x629;.</subfield>
  </datafield>
  <datafield tag="650" ind1=" " ind2="7">
    <subfield code="a">&#x627;&#x644;&#x635;&#x648;&#x645; (&#x625;&#x633;&#x644;&#x627;&#x645;)</subfield>
    <subfield code="2">aucsh</subfield>
  </datafield>
  <datafield tag="650" ind1=" " ind2="7">
    <subfield code="a">&#x627;&#x644;&#x634;&#x631;&#x64A;&#x639;&#x629; &#x627;&#x644;&#x625;&#x633;&#x644;&#x627;&#x645;&#x64A;&#x629;</subfield>
    <subfield code="2">aucsh</subfield>
  </datafield>
  <datafield tag="650" ind1=" " ind2="7">
    <subfield code="a">&#x627;&#x644;&#x641;&#x642;&#x647; &#x627;&#x644;&#x625;&#x633;&#x644;&#x627;&#x645;&#x64A;</subfield>
    <subfield code="2">aucsh</subfield>
  </datafield>
  <datafield tag="650" ind1=" " ind2="7">
    <subfield code="a">&#x627;&#x644;&#x637;&#x647;&#x627;&#x631;&#x629; (&#x641;&#x642;&#x647; &#x625;&#x633;&#x644;&#x627;&#x645;&#x64A;)</subfield>
    <subfield code="2">aucsh</subfield>
  </datafield>
  <datafield tag="650" ind1=" " ind2="7">
    <subfield code="a">&#x627;&#x644;&#x635;&#x644;&#x627;&#x629; (&#x625;&#x633;&#x644;&#x627;&#x645;)</subfield>
    <subfield code="2">aucsh</subfield>
  </datafield>
  <datafield tag="650" ind1=" " ind2="7">
    <subfield code="a">&#x627;&#x644;&#x632;&#x643;&#x627;&#x629;</subfield>
    <subfield code="2">aucsh</subfield>
  </datafield>
  <datafield tag="650" ind1=" " ind2="7">
    <subfield code="a">&#x627;&#x644;&#x62D;&#x62C;</subfield>
    <subfield code="2">aucsh</subfield>
  </datafield>
  <datafield tag="650" ind1=" " ind2="7">
    <subfield code="a">&#x627;&#x644;&#x62C;&#x647;&#x627;&#x62F;</subfield>
    <subfield code="2">aucsh</subfield>
  </datafield>
  <datafield tag="650" ind1=" " ind2="7">
    <subfield code="a">&#x627;&#x644;&#x628;&#x64A;&#x639;</subfield>
    <subfield code="2">aucsh</subfield>
  </datafield>
  <datafield tag="650" ind1=" " ind2="7">
    <subfield code="a">&#x627;&#x644;&#x62D;&#x62C;&#x631; (&#x641;&#x642;&#x647; &#x625;&#x633;&#x644;&#x627;&#x645;&#x64A;)</subfield>
    <subfield code="2">aucsh</subfield>
  </datafield>
  <datafield tag="650" ind1=" " ind2="7">
    <subfield code="a">&#x625;&#x62D;&#x64A;&#x627;&#x621; &#x627;&#x644;&#x645;&#x648;&#x627;&#x62A; (&#x645;&#x639;&#x627;&#x645;&#x644;&#x627;&#x62A; &#x625;&#x633;&#x644;&#x627;&#x645;&#x64A;&#x629;)</subfield>
    <subfield code="2">aucsh</subfield>
  </datafield>
  <datafield tag="650" ind1=" " ind2="7">
    <subfield code="a">&#x627;&#x644;&#x62C;&#x639;&#x627;&#x644;&#x629; (&#x641;&#x642;&#x647; &#x625;&#x633;&#x644;&#x627;&#x645;&#x64A;)</subfield>
    <subfield code="2">aucsh</subfield>
  </datafield>
  <datafield tag="650" ind1=" " ind2="7">
    <subfield code="a">&#x627;&#x644;&#x632;&#x648;&#x627;&#x62C;</subfield>
    <subfield code="2">aucsh</subfield>
  </datafield>
  <datafield tag="650" ind1=" " ind2="7">
    <subfield code="a">&#x627;&#x644;&#x62F;&#x64A;&#x629; (&#x641;&#x642;&#x647; &#x625;&#x633;&#x644;&#x627;&#x645;&#x64A;)</subfield>
    <subfield code="2">aucsh</subfield>
  </datafield>
  <datafield tag="650" ind1=" " ind2="7">
    <subfield code="a">&#x627;&#x644;&#x62D;&#x62F;&#x648;&#x62F; (&#x634;&#x631;&#x64A;&#x639;&#x629; &#x625;&#x633;&#x644;&#x627;&#x645;&#x64A;&#x629;)</subfield>
    <subfield code="2">aucsh</subfield>
  </datafield>
  <datafield tag="650" ind1=" " ind2="7">
    <subfield code="a">&#x627;&#x644;&#x642;&#x636;&#x627;&#x621;</subfield>
    <subfield code="2">aucsh</subfield>
  </datafield>
  <datafield tag="650" ind1=" " ind2="7">
    <subfield code="a">&#x627;&#x644;&#x642;&#x633;&#x645;&#x629; (&#x641;&#x642;&#x647; &#x625;&#x633;&#x644;&#x627;&#x645;&#x64A;)</subfield>
    <subfield code="2">aucsh</subfield>
  </datafield>
  <datafield tag="700" ind1="1" ind2=" ">
    <subfield code="a">&#x627;&#x628;&#x646; &#x642;&#x627;&#x633;&#x645;&#x60C; &#x639;&#x628;&#x62F; &#x627;&#x644;&#x631;&#x62D;&#x645;&#x646; &#x628;&#x646; &#x645;&#x62D;&#x645;&#x62F; &#x628;&#x646; &#x642;&#x627;&#x633;&#x645;&#x60C;</subfield>
    <subfield code="d">1319-1392 &#x647;&#x62C;&#x631;&#x64A;</subfield>
    <subfield code="e">&#x62C;&#x627;&#x645;&#x639;.</subfield>
  </datafield>
  <datafield tag="942" ind1=" " ind2=" ">
    <subfield code="2">ddc</subfield>
    <subfield code="c">BOOK</subfield>
    <subfield code="n">0</subfield>
  </datafield>
  <datafield tag="949" ind1=" " ind2=" ">
    <subfield code="a">SA-JeALM</subfield>
    <subfield code="d">250222</subfield>
    <subfield code="u">eid123</subfield>
    <subfield code="n">1</subfield>
  </datafield>
  <datafield tag="952" ind1=" " ind2=" ">
    <subfield code="0">0</subfield>
    <subfield code="1">0</subfield>
    <subfield code="2">ddc</subfield>
    <subfield code="3">&#x627;&#x644;&#x645;&#x62C;&#x644;&#x62F; &#x627;&#x644;&#x627;&#x648;&#x644;</subfield>
    <subfield code="4">0</subfield>
    <subfield code="7">0</subfield>
    <subfield code="a">WAHAB</subfield>
    <subfield code="b">WAHAB</subfield>
    <subfield code="d">2025-02-22</subfield>
    <subfield code="l">0</subfield>
    <subfield code="o">259  &#x641; &#x62A; &#x627;</subfield>
    <subfield code="p">000010230</subfield>
    <subfield code="r">2025-02-22 15:38:08</subfield>
    <subfield code="w">2025-02-22</subfield>
    <subfield code="y">BOOK</subfield>
  </datafield>
  <datafield tag="952" ind1=" " ind2=" ">
    <subfield code="0">0</subfield>
    <subfield code="1">0</subfield>
    <subfield code="2">ddc</subfield>
    <subfield code="3">&#x627;&#x644;&#x645;&#x62C;&#x644;&#x62F; &#x627;&#x644;&#x62B;&#x627;&#x646;&#x64A;</subfield>
    <subfield code="4">0</subfield>
    <subfield code="7">0</subfield>
    <subfield code="a">WAHAB</subfield>
    <subfield code="b">WAHAB</subfield>
    <subfield code="d">2025-02-22</subfield>
    <subfield code="l">0</subfield>
    <subfield code="o">259  &#x641; &#x62A; &#x627;</subfield>
    <subfield code="p">000010231</subfield>
    <subfield code="r">2025-02-22 15:38:08</subfield>
    <subfield code="w">2025-02-22</subfield>
    <subfield code="y">BOOK</subfield>
  </datafield>
  <datafield tag="952" ind1=" " ind2=" ">
    <subfield code="0">0</subfield>
    <subfield code="1">0</subfield>
    <subfield code="2">ddc</subfield>
    <subfield code="3">&#x627;&#x644;&#x645;&#x62C;&#x644;&#x62F; &#x627;&#x644;&#x631;&#x627;&#x628;&#x639;</subfield>
    <subfield code="4">0</subfield>
    <subfield code="7">0</subfield>
    <subfield code="a">WAHAB</subfield>
    <subfield code="b">WAHAB</subfield>
    <subfield code="d">2025-02-22</subfield>
    <subfield code="l">0</subfield>
    <subfield code="o">259  &#x641; &#x62A; &#x627;</subfield>
    <subfield code="p">000010232</subfield>
    <subfield code="r">2025-02-22 15:38:08</subfield>
    <subfield code="w">2025-02-22</subfield>
    <subfield code="y">BOOK</subfield>
  </datafield>
  <datafield tag="952" ind1=" " ind2=" ">
    <subfield code="0">0</subfield>
    <subfield code="1">0</subfield>
    <subfield code="2">ddc</subfield>
    <subfield code="3">&#x627;&#x644;&#x645;&#x62C;&#x644;&#x62F; &#x627;&#x644;&#x62E;&#x627;&#x645;&#x633;</subfield>
    <subfield code="4">0</subfield>
    <subfield code="7">0</subfield>
    <subfield code="a">WAHAB</subfield>
    <subfield code="b">WAHAB</subfield>
    <subfield code="d">2025-02-22</subfield>
    <subfield code="l">0</subfield>
    <subfield code="o">259  &#x641; &#x62A; &#x627;</subfield>
    <subfield code="p">000010233</subfield>
    <subfield code="r">2025-02-22 15:38:08</subfield>
    <subfield code="w">2025-02-22</subfield>
    <subfield code="y">BOOK</subfield>
  </datafield>
  <datafield tag="952" ind1=" " ind2=" ">
    <subfield code="0">0</subfield>
    <subfield code="1">0</subfield>
    <subfield code="2">ddc</subfield>
    <subfield code="3">&#x627;&#x644;&#x645;&#x62C;&#x644;&#x62F; &#x627;&#x644;&#x62A;&#x627;&#x633;&#x639;</subfield>
    <subfield code="4">0</subfield>
    <subfield code="7">0</subfield>
    <subfield code="a">WAHAB</subfield>
    <subfield code="b">WAHAB</subfield>
    <subfield code="d">2025-02-22</subfield>
    <subfield code="l">0</subfield>
    <subfield code="o">259  &#x641; &#x62A; &#x627;</subfield>
    <subfield code="p">000010234</subfield>
    <subfield code="r">2025-02-22 15:38:08</subfield>
    <subfield code="w">2025-02-22</subfield>
    <subfield code="y">BOOK</subfield>
  </datafield>
  <datafield tag="952" ind1=" " ind2=" ">
    <subfield code="0">0</subfield>
    <subfield code="1">0</subfield>
    <subfield code="2">ddc</subfield>
    <subfield code="3">&#x627;&#x644;&#x645;&#x62C;&#x644;&#x62F; &#x627;&#x644;&#x62B;&#x627;&#x644;&#x62B;</subfield>
    <subfield code="4">0</subfield>
    <subfield code="7">0</subfield>
    <subfield code="a">WAHAB</subfield>
    <subfield code="b">WAHAB</subfield>
    <subfield code="d">2025-05-30</subfield>
    <subfield code="l">0</subfield>
    <subfield code="o">259 &#x641; &#x62A; &#x627;</subfield>
    <subfield code="p">000014141</subfield>
    <subfield code="r">2025-05-30 14:09:41</subfield>
    <subfield code="w">2025-05-30</subfield>
    <subfield code="y">BOOK</subfield>
  </datafield>
  <datafield tag="952" ind1=" " ind2=" ">
    <subfield code="0">0</subfield>
    <subfield code="1">0</subfield>
    <subfield code="2">ddc</subfield>
    <subfield code="3">&#x627;&#x644;&#x645;&#x62C;&#x644;&#x62F; &#x627;&#x644;&#x633;&#x627;&#x62F;&#x633;</subfield>
    <subfield code="4">0</subfield>
    <subfield code="7">0</subfield>
    <subfield code="a">WAHAB</subfield>
    <subfield code="b">WAHAB</subfield>
    <subfield code="d">2025-05-30</subfield>
    <subfield code="l">0</subfield>
    <subfield code="o">259 &#x641; &#x62A; &#x627;</subfield>
    <subfield code="p">000014142</subfield>
    <subfield code="r">2025-05-30 14:09:41</subfield>
    <subfield code="w">2025-05-30</subfield>
    <subfield code="y">BOOK</subfield>
  </datafield>
  <datafield tag="952" ind1=" " ind2=" ">
    <subfield code="0">0</subfield>
    <subfield code="1">0</subfield>
    <subfield code="2">ddc</subfield>
    <subfield code="3">&#x627;&#x644;&#x645;&#x62C;&#x644;&#x62F; &#x627;&#x644;&#x633;&#x627;&#x628;&#x639;</subfield>
    <subfield code="4">0</subfield>
    <subfield code="7">0</subfield>
    <subfield code="a">WAHAB</subfield>
    <subfield code="b">WAHAB</subfield>
    <subfield code="d">2025-05-30</subfield>
    <subfield code="l">0</subfield>
    <subfield code="o">259 &#x641; &#x62A; &#x627;</subfield>
    <subfield code="p">000014143</subfield>
    <subfield code="r">2025-05-30 14:09:41</subfield>
    <subfield code="w">2025-05-30</subfield>
    <subfield code="y">BOOK</subfield>
  </datafield>
  <datafield tag="952" ind1=" " ind2=" ">
    <subfield code="0">0</subfield>
    <subfield code="1">0</subfield>
    <subfield code="2">ddc</subfield>
    <subfield code="3">&#x627;&#x644;&#x645;&#x62C;&#x644;&#x62F; &#x627;&#x644;&#x62B;&#x627;&#x645;&#x646;</subfield>
    <subfield code="4">0</subfield>
    <subfield code="7">0</subfield>
    <subfield code="a">WAHAB</subfield>
    <subfield code="b">WAHAB</subfield>
    <subfield code="d">2025-05-30</subfield>
    <subfield code="l">0</subfield>
    <subfield code="o">259 &#x641; &#x62A; &#x627;</subfield>
    <subfield code="p">000014144</subfield>
    <subfield code="r">2025-05-30 14:09:41</subfield>
    <subfield code="w">2025-05-30</subfield>
    <subfield code="y">BOOK</subfield>
  </datafield>
  <datafield tag="952" ind1=" " ind2=" ">
    <subfield code="0">0</subfield>
    <subfield code="1">0</subfield>
    <subfield code="2">ddc</subfield>
    <subfield code="3">&#x627;&#x644;&#x645;&#x62C;&#x644;&#x62F; &#x627;&#x644;&#x639;&#x627;&#x634;&#x631;</subfield>
    <subfield code="4">0</subfield>
    <subfield code="7">0</subfield>
    <subfield code="a">WAHAB</subfield>
    <subfield code="b">WAHAB</subfield>
    <subfield code="d">2025-05-30</subfield>
    <subfield code="l">0</subfield>
    <subfield code="o">259 &#x641; &#x62A; &#x627;</subfield>
    <subfield code="p">000014145</subfield>
    <subfield code="r">2025-05-30 14:09:41</subfield>
    <subfield code="w">2025-05-30</subfield>
    <subfield code="y">BOOK</subfield>
  </datafield>
  <datafield tag="952" ind1=" " ind2=" ">
    <subfield code="0">0</subfield>
    <subfield code="1">0</subfield>
    <subfield code="2">ddc</subfield>
    <subfield code="3">&#x627;&#x644;&#x645;&#x62C;&#x644;&#x62F; &#x627;&#x644;&#x62D;&#x627;&#x62F;&#x64A; &#x639;&#x634;&#x631;</subfield>
    <subfield code="4">0</subfield>
    <subfield code="7">0</subfield>
    <subfield code="a">WAHAB</subfield>
    <subfield code="b">WAHAB</subfield>
    <subfield code="d">2025-05-30</subfield>
    <subfield code="l">0</subfield>
    <subfield code="o">259 &#x641; &#x62A; &#x627;</subfield>
    <subfield code="p">000014146</subfield>
    <subfield code="r">2025-05-30 14:09:41</subfield>
    <subfield code="w">2025-05-30</subfield>
    <subfield code="y">BOOK</subfield>
  </datafield>
  <datafield tag="952" ind1=" " ind2=" ">
    <subfield code="0">0</subfield>
    <subfield code="1">0</subfield>
    <subfield code="2">ddc</subfield>
    <subfield code="3">&#x627;&#x644;&#x645;&#x62C;&#x644;&#x62F; &#x627;&#x644;&#x62B;&#x627;&#x646;&#x64A; &#x639;&#x634;&#x631;</subfield>
    <subfield code="4">0</subfield>
    <subfield code="7">0</subfield>
    <subfield code="a">WAHAB</subfield>
    <subfield code="b">WAHAB</subfield>
    <subfield code="d">2025-05-30</subfield>
    <subfield code="l">0</subfield>
    <subfield code="o">259 &#x641; &#x62A; &#x627;</subfield>
    <subfield code="p">000014147</subfield>
    <subfield code="r">2025-05-30 14:09:41</subfield>
    <subfield code="w">2025-05-30</subfield>
    <subfield code="y">BOOK</subfield>
  </datafield>
  <datafield tag="952" ind1=" " ind2=" ">
    <subfield code="0">0</subfield>
    <subfield code="1">0</subfield>
    <subfield code="2">ddc</subfield>
    <subfield code="3">&#x627;&#x644;&#x645;&#x62C;&#x644;&#x62F; &#x627;&#x644;&#x62B;&#x627;&#x644;&#x62B; &#x639;&#x634;&#x631;</subfield>
    <subfield code="4">0</subfield>
    <subfield code="7">0</subfield>
    <subfield code="a">WAHAB</subfield>
    <subfield code="b">WAHAB</subfield>
    <subfield code="d">2025-05-30</subfield>
    <subfield code="l">0</subfield>
    <subfield code="o">259 &#x641; &#x62A; &#x627;</subfield>
    <subfield code="p">000014148</subfield>
    <subfield code="r">2025-05-30 14:09:41</subfield>
    <subfield code="w">2025-05-30</subfield>
    <subfield code="y">BOOK</subfield>
  </datafield>
  <datafield tag="999" ind1=" " ind2=" ">
    <subfield code="c">6164</subfield>
    <subfield code="d">6164</subfield>
  </datafield>
</record>
